Pixar Movies By Order of My Least Favorite to My Favorite - Statistics

General Stats
  • This quiz has been taken 12 times
  • The average score is 15 of 26
Answer Stats
Ranking Movie % Correct
1 Toy Story 4
73%
26 Brave
64%
23 Cars
64%
25 Cars 2
64%
24 Cars 3
64%
21 Finding Nemo
64%
7 Inside Out
64%
16 The Incredibles
64%
9 Toy Story
64%
14 A Bug's Life
55%
10 Coco
55%
20 Finding Dory
55%
3 Lightyear
55%
17 Monsters, Inc
55%
19 Monsters University
55%
2 Onward
55%
6 Ratatouille
55%
11 Soul
55%
18 The Incredibles 2
55%
5 Toy Story 2
55%
4 Turning Red
55%
13 Up
55%
22 The Good Dinosaur
45%
12 Toy Story 3
45%
15 WALL-E
45%
8 Luca
36%
No matching quizzes found
Score Distribution
Percent of People with Each Score
Percentile by Number Answered
Your Score History
You have not taken this quiz